000 01523nam2a2200289 4500
001 RU\NLR\BIBL_A\022704441
005 20260510043503.0
010 _a978-5-17-179843-7
_91500
021 _aRU
_bКН-П-25-071894
_9КН-П-25-6963
035 _a(NLR Aleph) 022704441
090 _a13703414
_c13703414
100 _a20260120d2025 u y0rusy50 ca
101 0 _arus
102 _aRU
105 _aa z 000ay
200 1 _aБлины рвутся!
_fредакторы-составители: Анна Зимова [и др.]
210 _d2025
215 _a296, [5] c.
_cил.
327 0 _aНа тит. с. и обл. содерж. авт.: Александр Цыпкин, Александр Бессонов, Александр Маленков, SallyKs, Добрая Веда, Вера Гамаюн, Марлен Герлен, Макар Гладких, Александр Горячко, Полина Егорова [и др.]
461 0 _1001RU\NLR\BIBL_A\022802829
_12001#$aБеспринцЫпные чтения$e[сборник$eпо материалам ежегодного фестиваля "БеспринцЫпные чтения"]$v[# 6]
702 1 _aЗимова
_bА. С.
_gАнна Сергеевна
_4220
_4340
711 1 2 _a"БеспринцЫпные чтения", фестиваль короткой новой прозы
_eМосква
_f2025
_92660594
_3RU\NLR\AUTH\880628226
942 _cBOOK
980 _aNB